000 00569nam a2200217Ia 4500
003 OSt
005 20221007070210.0
006 a|||||r|||| 00| 0
007 ta
008 221006b |||||||| |||| 00| 0 eng d
024 _a15,381
037 _cTextual
040 _aFLL
_cFLL
_beng
041 _2eng
_aeng
082 _aX:972.1.N7, M1
245 0 _aPromotion of collective bargaining
260 _aGeneva
_bInternatioal labour office Geneva
_c1981
300 _a41p
_ccm.
942 _hX:972.1.N7, M1
_cTEXL
_2CC
999 _c1139739
_d1139739